Acción desarrolladora : información sobre los planes de trabajo sudsidiados desde el 1-1-1976 hasta el 31-12-1980.

Guardado en:
Formato: Libro
Idioma:Spanish
Publicado: Buenos Aires : Secretaría de Agricultura, Ganadería y Pesca. CAFPTA, 1981.
Etiquetas: Agregar Etiqueta
Sin Etiquetas, Sea el primero en etiquetar este registro!
LEADER 00587nam a22001335a 4500
001 EEA.libagro004385
005 20181127113417.0
008 130809s1981####ag############000#0#spa#d
082 0 4 |a 630.715 
245 1 0 |a Acción desarrolladora :  |b información sobre los planes de trabajo sudsidiados desde el 1-1-1976 hasta el 31-12-1980. 
260 |a Buenos Aires :  |b Secretaría de Agricultura, Ganadería y Pesca. CAFPTA,  |c 1981. 
300 |a 61 p. ;  |c 28 cm. 
500 |a Comisión Administradora del Fondo de Promoción de la Tecnología Agropecuaria. 
859 |a AR-BbBCA  |b BIB. AGRONOMIA  |h 630.715  |i A691  |p 1990/1628